000 00556nmm a2200169Ia 4500
008 251105s9999||||xx |||||||||||||||||und||
020 _a9788486547974
041 _aspa
100 _aGarcía Jiménez, Gustavo
245 0 _aEntre Iberos y Celtas: las espadas de tipo La Tène del noreste de la península ibérica
264 _a[Madrid, España] :
_bEdiciones Polifemo,
_c2006
300 _a328 páginas
490 _aAnejos de Gladius
650 _aHistory of Europe: Spain
856 _uhttps://public.digitaliapublishing.com/a/18883
942 _cCF
999 _c86984
_d86984